C# and the .NET platform (Record no. 171601)

MARC details
000 -LEADER
fixed length control field 00399nam a2200157Ia 4500
008 - FIXED-LENGTH DATA ELEMENTS--GENERAL INFORMATION
fixed length control field 231217s9999 xx 000 0 und d
041 ## - LANGUAGE CODE
Language code of text/sound track or separate title English
082 ## - DEWEY DECIMAL CLASSIFICATION NUMBER
Classification number 001.6424C TRO;2 R1
100 ## - MAIN ENTRY--PERSONAL NAME
Personal name Troelsen, Andrew.
245 #0 - TITLE STATEMENT
Title C# and the .NET platform
250 ## - EDITION STATEMENT
Edition statement 2nd ed.
260 ## - PUBLICATION, DISTRIBUTION, ETC.
Date of publication, distribution, etc. 2003
Name of publisher, distributor, etc. Springer (India)
Place of publication, distribution, etc. New Delhi
300 ## - PHYSICAL DESCRIPTION
Extent xxxii+1157
650 ## - SUBJECT ADDED ENTRY--TOPICAL TERM
Topical term or geographic name entry element C#,.net,platform
942 ## - ADDED ENTRY ELEMENTS (KOHA)
Koha item type Books
Holdings
Date last seen Total checkouts Full call number Accession number Date due Date last checked out Cost, total (INR) price Price effective from Category Lost status Damaged status Department Withdrawn status Home library Current library Shelving location Entry date Vendor Cost, normal purchase price Grants Billnumber Billdate Currency symbol Conversion rate Discount Old discount
01/04/2024 1 001.6424C TRO;2 R1 27061 09/09/2008 01/04/2024 439.20 26/01/2024 Books     Central Library   Central Library Central Library Central Library 01/04/2004 Book Paradise 549.00 CS 18048 22/12/2005 RS 1 109.8 20
26/01/2024   001.6424C TRO;3 27062     439.20 26/01/2024 Books     Central Library   Central Library Central Library Central Library 01/04/2004 Book Paradise 549.00 CS 18048 22/12/2005 RS 1 109.8 20

© For any Suggestions or Query, please contact the library staff @ librarian@pes.edu or Phone: +9180 2672 1983/ 2108.